00738cam a2200241 a 4500001000800000005001700008008004100025010001700066020002500083040002300108041000800131060001700139080002200156082002600178100000700204101000800211245005200219504003000271906004500301942001200346999001700358952012100375384008420180215070005.0870423s1988 njua b 001 0 eng c a 87012550  a0137325533 :c$27.00 aDNLM/DLCcDLCdDLC aeng aWZ 345 T147p a808.066616021 TAL00a808.066616021 TAL2191 a48 aPSI10aPsychological report writing /cNorman Tallent. aBibliography: p. 245-263. a7bcbccorignewd1eocipf19gy-gencatlg 2ddccBK c42650d42650 00102udc40708PËKGa002b002cPËKGd2018-02-15l0o808.066616021 TALp002-2998483r2018-02-15w2018-02-15yBK